[Event "Polanica Zdroj op 59th"]
[Site "Polanica Zdroj"]
[Date "2023.08.23"]
[Round "5"]
[White "Chrzanowski, Michal"]
[Black "Lambrecht, Tomasz"]
[Result "0-1"]
[WhiteElo "1987"]
[BlackElo "2027"]
[PlyCount "66"]
[EventDate "2023.08.19"]
[EventType "swiss"]
[EventRounds "9"]
[EventCountry "POL"]
[SourceTitle "CBM 215 Extra"]
[Source "ChessBase"]
[SourceDate "2023.09.30"]
[SourceVersion "1"]
[SourceVersionDate "2023.09.30"]
[SourceQuality "1"]

1. d4 Nf6 2. c4 e6 3. Nc3 Bb4 4. a3 Bxc3+ 5. bxc3 c5 6. f3 Nc6 7. e4 d6 8. d5 Na5 9. Bg5 b6 10. Ne2 h6 11. Bh4 0-0 12. Nc1 Ba6 13. dxe6 fxe6 14. Nb3 Nxc4 15. Nd2 Ne3 16. Qb3 Bxf1 17. Qxe6+ Kh8 18. Bf2 Bxg2 19. Bxe3 Bxh1 20. 0-0-0 Qe8 21. Qh3 Qh5 22. Qxh5 Nxh5 23. Rxh1 Nf4 24. Nc4 Nd3+ 25. Kc2 Ne5 26. Nxd6 Rxf3 27. Re1 Rd8 28. Nf5 Rd3 29. Bd2 Rf2 30. Rd1 Rxh2 31. Kc1 Nc4 32. Be1 Rxd1+ 33. Kxd1 Nb2+ 0-1

[Event "Polanica Zdroj op 59th"]
[Site "Polanica Zdroj"]
[Date "2023.08.20"]
[Round "2"]
[White "Chrzanowski, Michal"]
[Black "Wojna, Grzegorz"]
[Result "1/2-1/2"]
[WhiteElo "1987"]
[BlackElo "2071"]
[PlyCount "88"]
[EventDate "2023.08.19"]
[EventType "swiss"]
[EventRounds "9"]
[EventCountry "POL"]
[SourceTitle "CBM 215 Extra"]
[Source "ChessBase"]
[SourceDate "2023.09.30"]
[SourceVersion "1"]
[SourceVersionDate "2023.09.30"]
[SourceQuality "1"]

1. d4 e6 2. c4 Nf6 3. Nc3 c5 4. d5 exd5 5. cxd5 d6 6. e4 g6 7. f3 Bg7 8. Bg5 0-0 9. Qd2 Re8 10. Nge2 a6 11. a4 Nbd7 12. Nd1 Rb8 13. Nec3 Qa5 14. Ra3 Qc7 15. Be2 c4 16. 0-0 b5 17. axb5 axb5 18. b4 Ne5 19. Nf2 h5 20. Be3 Rb7 21. Ra5 Bd7 22. h3 Rc8 23. Rc1 Ne8 24. f4 Nd3 25. Bxd3 cxd3 26. Na2 Qd8 27. Qxd3 Rxc1+ 28. Nxc1 f5 29. Ne2 Qc7 30. Nd4 fxe4 31. Nxe4 Qc4 32. Qxc4 bxc4 33. Nc2 Bf5 34. Ra8 Kf7 35. Rxe8 Kxe8 36. Nxd6+ Kd7 37. Nxb7 Bxc2 38. Na5 c3 39. Nc4 Bb3 40. Ne5+ Kd6 41. Nxg6 c2 42. Bc1 Kxd5 43. Kf2 Ke4 44. Ne5 Bf8 1/2-1/2

[Event "Wroclaw Anderssen Memorial op-A"]
[Site "Wroclaw"]
[Date "2023.08.12"]
[Round "8"]
[White "Chrzanowski, Michal"]
[Black "Malinowski, Damian"]
[Result "0-1"]
[WhiteElo "1987"]
[BlackElo "2007"]
[PlyCount "76"]
[EventDate "2023.08.06"]
[EventType "swiss"]
[EventRounds "9"]
[EventCountry "POL"]
[SourceTitle "CBM 215 Extra"]
[Source "ChessBase"]
[SourceDate "2023.09.30"]
[SourceVersion "1"]
[SourceVersionDate "2023.09.30"]
[SourceQuality "1"]

1. d4 d5 2. c4 c6 3. cxd5 cxd5 4. Nc3 Nf6 5. f3 e6 6. e4 Be7 7. e5 Nfd7 8. f4 g6 9. Nf3 Nc6 10. Be2 a6 11. 0-0 b5 12. Be3 Nb6 13. Nd2 Bb7 14. Rc1 Na5 15. b3 Rc8 16. g4 f6 17. exf6 Bxf6 18. Nf3 0-0 19. Bd3 Nc6 20. g5 Be7 21. Ne2 Ba3 22. Rc2 Bd6 23. h4 Ra8 24. Bd2 Nc8 25. Ne5 N8e7 26. Bc3 Rc8 27. Ng3 Bxe5 28. fxe5 Qb6 29. Ne2 Nxe5 30. Kh1 Rxf1+ 31. Qxf1 Nxd3 32. Ng3 b4 33. Qf6 Qd6 34. Re2 Rf8 35. Qxe6+ Qxe6 36. Rxe6 bxc3 37. Rxe7 c2 38. Ne2 Rf2 0-1

[Event "Wroclaw Anderssen Memorial op-A"]
[Site "Wroclaw"]
[Date "2023.08.06"]
[Round "2"]
[White "Skrzypinski, Jan"]
[Black "Chrzanowski, Michal"]
[Result "1-0"]
[WhiteElo "2032"]
[BlackElo "1987"]
[PlyCount "58"]
[EventDate "2023.08.06"]
[EventType "swiss"]
[EventRounds "9"]
[EventCountry "POL"]
[SourceTitle "CBM 215 Extra"]
[Source "ChessBase"]
[SourceDate "2023.09.30"]
[SourceVersion "1"]
[SourceVersionDate "2023.09.30"]
[SourceQuality "1"]

1. e4 c5 2. b4 cxb4 3. a3 d5 4. exd5 Qxd5 5. Nf3 e5 6. axb4 Bxb4 7. c3 Be7 8. Na3 Bd7 9. Bc4 Qe4+ 10. Kf1 Nc6 11. d3 Qf5 12. Nb5 Rc8 13. Ng5 a6 14. Nd6+ Bxd6 15. Nxf7 Bc5 16. d4 exd4 17. Nxh8 dxc3 18. Ra2 Nf6 19. Re2+ Kf8 20. Be3 b5 21. g4 c2 22. Qxc2 Qe5 23. Bh6 Nd4 24. Ng6+ hxg6 25. Qxg6 Qxe2+ 26. Bxe2 Ne6 27. Qxf6+ Kg8 28. Qg6 Bd4 29. Be3 Rc6 1-0

[Event "Wroclaw op-A 6th"]
[Site "Wroclaw"]
[Date "2011.07.05"]
[Round "2"]
[White "Musialkiewicz, Jan"]
[Black "Chrzanowski, Michal"]
[Result "1/2-1/2"]
[WhiteElo "2150"]
[BlackElo "1981"]
[PlyCount "130"]
[EventDate "2011.07.04"]
[EventType "swiss"]
[EventRounds "9"]
[EventCountry "POL"]
[SourceTitle "CBM 143 Extra"]
[Source "ChessBase"]
[SourceDate "2011.08.29"]
[SourceVersion "1"]
[SourceVersionDate "2011.08.29"]
[SourceQuality "1"]

1. e4 c5 2. Nf3 d6 3. d4 cxd4 4. Nxd4 Nf6 5. Nc3 g6 6. Be3 Bg7 7. f3 0-0 8. Bc4 Nc6 9. Qd2 Bd7 10. 0-0-0 Rc8 11. Bb3 Ne5 12. h4 h5 13. Bh6 Bxh6 14. Qxh6 Rxc3 15. bxc3 Qa5 16. Qe3 Rc8 17. Ne2 Bb5 18. Rhe1 Qa3+ 19. Kd2 a5 20. Nd4 Ba6 21. Qh6 Bc4 22. Qg5 a4 23. Bxc4 Nxc4+ 24. Ke2 Qxc3 25. Rd3 Qb2 26. Qb5 e5 27. Rb1 Qxa2 28. Qxb7 Rf8 29. Rc1 exd4 30. Rxd4 Na5 31. Qb1 Nb3 32. Qxa2 Nxc1+ 33. Kd2 Nxa2 34. Rxa4 Rd8 35. Rxa2 Nd7 36. Kd3 Kf8 37. Kd4 Ke7 38. c4 Ke6 39. f4 f6 40. Ra6 Rb8 41. f5+ gxf5 42. exf5+ Ke7 43. Kd5 Rb2 44. Ra7 Rb6 45. g3 Rb8 46. Rc7 Kd8 47. Ra7 Ke7 48. Rc7 Rb4 49. Ra7 Rb6 50. Rc7 Kd8 51. Ra7 Ne5 52. Ke6 Nxc4 53. Kxf6 d5+ 54. Kg5 d4 55. f6 Ke8 56. Ra8+ Kf7 57. Ra7+ Kg8 58. Ra8+ Kf7 59. Ra7+ Ke6 60. Re7+ Kd6 61. Ra7 Ke6 62. f7 Rb8 63. Kg6 Ne5+ 64. Kg7 Nxf7 65. Rxf7 d3 1/2-1/2

[Event "POL-ch Amateurs"]
[Site "Wroclaw"]
[Date "2011.07.03"]
[Round "5"]
[White "Zombirt, Filip"]
[Black "Chrzanowski, Michal"]
[Result "1/2-1/2"]
[WhiteElo "1864"]
[BlackElo "1981"]
[PlyCount "64"]
[EventDate "2011.07.01"]
[EventType "swiss"]
[EventRounds "7"]
[EventCountry "POL"]
[SourceTitle "EXT 2023"]
[Source "ChessBase"]
[SourceDate "2022.10.05"]
[SourceVersion "1"]
[SourceVersionDate "2022.10.05"]
[SourceQuality "1"]

1. d4 Nf6 2. c4 g6 3. g3 Bg7 4. Bg2 d5 5. Nf3 dxc4 6. Qa4+ Nfd7 7. Qxc4 Nb6 8. Qc2 Nc6 9. 0-0 Bf5 10. e4 Bg4 11. d5 Bxf3 12. dxc6 Bxg2 13. Rd1 Qc8 14. Kxg2 0-0 15. Bf4 bxc6 16. Nd2 Qe6 17. Nb3 Qc4 18. Rac1 Qxc2 19. Rxc2 Rfd8 20. Rxd8+ Rxd8 21. Rxc6 Bxb2 22. Rxc7 Rd7 23. Rxd7 Nxd7 24. Kf3 Kf8 25. Ke2 e6 26. Be3 a6 27. Kd3 Ke7 28. Nc5 Nxc5+ 29. Bxc5+ Kd7 30. Kc4 Kc6 31. a4 h5 32. h3 Be5 1/2-1/2

[Event "Wroclaw op"]
[Site "Wroclaw"]
[Date "2010.09.03"]
[Round "?"]
[White "Kwapisiewicz, Karol"]
[Black "Chrzanowski, Michal"]
[Result "1-0"]
[WhiteElo "1760"]
[BlackElo "1979"]
[PlyCount "75"]
[EventDate "2010.09.03"]
[EventType "swiss"]
[EventRounds "5"]
[EventCountry "POL"]
[SourceTitle "EXT 2023"]
[Source "ChessBase"]
[SourceDate "2022.10.05"]
[SourceVersion "1"]
[SourceVersionDate "2022.10.05"]
[SourceQuality "1"]

1. d4 Nf6 2. c4 c5 3. d5 b5 4. cxb5 a6 5. bxa6 g6 6. Nc3 Bxa6 7. g3 Bg7 8. Bg2 d6 9. Nf3 0-0 10. 0-0 Nbd7 11. Re1 Qa5 12. h3 Rfb8 13. e4 Ne8 14. Qc2 Nc7 15. Bd2 Nb5 16. Nxb5 Qxb5 17. Rab1 Qc4 18. Bc3 Bb5 19. Nd2 Qa4 20. b3 Qxa2 21. Rb2 Qa6 22. Bxg7 Kxg7 23. Qc3+ f6 24. f4 Qa5 25. Qc2 Qb4 26. Nf3 Ra3 27. e5 fxe5 28. Re4 Qa5 29. fxe5 Rf8 30. exd6 exd6 31. Ng5 Ne5 32. Ne6+ Kg8 33. Nxf8 Kxf8 34. Rxe5 Ra1+ 35. Kh2 dxe5 36. Qxc5+ Kg7 37. Qe7+ Kh6 38. Qf8+ 1-0

[Event "Wroclaw op"]
[Site "Wroclaw"]
[Date "2010.09.03"]
[Round "?"]
[White "Pastuszko, Kinga"]
[Black "Chrzanowski, Michal"]
[Result "1/2-1/2"]
[WhiteElo "1752"]
[BlackElo "1979"]
[PlyCount "100"]
[EventDate "2010.09.03"]
[EventType "swiss"]
[EventRounds "5"]
[EventCountry "POL"]
[SourceTitle "EXT 2023"]
[Source "ChessBase"]
[SourceDate "2022.10.05"]
[SourceVersion "1"]
[SourceVersionDate "2022.10.05"]
[SourceQuality "1"]

1. e4 c5 2. Nf3 d6 3. d4 cxd4 4. Nxd4 Nf6 5. Nc3 g6 6. Be2 Bg7 7. 0-0 0-0 8. Bg5 Nc6 9. Nb3 Be6 10. Re1 h6 11. Bh4 g5 12. Bg3 d5 13. exd5 Nxd5 14. Nxd5 Qxd5 15. c3 Rfd8 16. Bf3 Qb5 17. Qc2 Rac8 18. Qe2 Qxe2 19. Rxe2 Bc4 20. Ree1 e6 21. Rad1 f5 22. Bxc6 bxc6 23. f4 Bf6 24. Nc5 Rxd1 25. Rxd1 Bd5 26. Rc1 Be7 27. Nd3 c5 28. c4 Be4 29. Ne5 Rd8 30. Rf1 Rd2 31. Rf2 Rd4 32. b3 Bf6 33. h3 Rd1+ 34. Rf1 Rd2 35. Rf2 Rd1+ 36. Rf1 Rxf1+ 37. Kxf1 Bb1 38. fxg5 hxg5 39. Nd7 Bd4 40. Bf2 Bxa2 41. Nxc5 Bxc5 42. Bxc5 a6 43. b4 Bxc4+ 44. Kf2 Kf7 45. Bb6 Kf6 46. Bd8+ Kg6 47. h4 gxh4 48. Bxh4 e5 49. g3 Kh5 50. Bf6 e4 1/2-1/2

[Event "Wroclaw Oct op"]
[Site "Wroclaw"]
[Date "2010.??.??"]
[Round "3"]
[White "Hudziak, Pawel"]
[Black "Chrzanowski, Michal"]
[Result "1-0"]
[WhiteElo "2205"]
[BlackElo "1975"]
[PlyCount "77"]
[EventDate "2010.10.22"]
[EventType "swiss"]
[EventRounds "5"]
[EventCountry "POL"]
[SourceTitle "EXT 2011"]
[Source "ChessBase"]
[SourceDate "2010.11.26"]
[SourceVersion "1"]
[SourceVersionDate "2010.11.26"]
[SourceQuality "1"]

1. c4 Nf6 2. Nc3 c5 3. Nf3 Nc6 4. g3 g6 5. Bg2 Bg7 6. d4 cxd4 7. Nxd4 Qb6 8. Nb3 d6 9. 0-0 Be6 10. Nd5 Bxd5 11. cxd5 Ne5 12. Be3 Qa6 13. Bd4 Nc4 14. e4 0-0 15. Re1 Rac8 16. a4 Nd7 17. Bf1 Bxd4 18. Nxd4 Qb6 19. b3 Nce5 20. Kg2 Nc5 21. f4 Ned7 22. Bb5 Nf6 23. a5 Qc7 24. Qf3 a6 25. Bc4 Ncd7 26. Qd3 Qc5 27. Re2 Rfe8 28. h3 h5 29. Nf3 Qc7 30. e5 Nh7 31. e6 Nc5 32. Qb1 f5 33. g4 Ne4 34. Rxe4 fxe4 35. Qxe4 Rf8 36. Qxg6+ Kh8 37. Bd3 Nf6 38. Qh6+ Kg8 39. Ng5 1-0

[Event "Wroclaw op"]
[Site "Wroclaw"]
[Date "2009.04.27"]
[Round "1"]
[White "Chrzanowski, Michal"]
[Black "Brodowski, Piotr"]
[Result "0-1"]
[WhiteElo "1957"]
[BlackElo "2392"]
[PlyCount "68"]
[EventDate "2009.04.27"]
[EventType "swiss"]
[EventRounds "9"]
[EventCountry "POL"]
[SourceTitle "CBM 130 Extra"]
[Source "ChessBase"]
[SourceDate "2009.07.02"]
[SourceVersion "2"]
[SourceVersionDate "2009.07.15"]
[SourceQuality "1"]

1. e4 c5 2. Nf3 Nc6 3. d4 cxd4 4. Nxd4 Nf6 5. Nc3 e5 6. Ndb5 d6 7. Bg5 a6 8. Na3 b5 9. Bxf6 gxf6 10. Nd5 f5 11. Bd3 Be6 12. 0-0 Bxd5 13. exd5 Ne7 14. Nxb5 Bg7 15. Nc3 0-0 16. Re1 e4 17. Bf1 Ng6 18. Qd2 Qh4 19. Nd1 Ne5 20. Ne3 f4 21. Nf5 Qg4 22. Nd4 f5 23. h3 Qh4 24. Ne6 Bh6 25. Nxf8 Rxf8 26. Qb4 Rf6 27. Qb8+ Bf8 28. a4 Nf3+ 29. gxf3 Rg6+ 30. Bg2 Qxh3 31. Kf1 Qxg2+ 32. Ke2 Qxf3+ 33. Kd2 Qxf2+ 34. Kc3 Rg3+ 0-1

[Event "Wroclaw Polonia op 3rd"]
[Site "Wroclaw"]
[Date "2008.06.21"]
[Round "1.16"]
[White "Chrzanowski, Michal"]
[Black "Dobrowolski, Aleksander"]
[Result "1/2-1/2"]
[WhiteElo "1961"]
[BlackElo "2359"]
[PlyCount "43"]
[EventDate "2008.06.21"]
[EventType "swiss"]
[EventRounds "9"]
[EventCountry "POL"]
[SourceTitle "CBM 125 Extra"]
[Source "ChessBase"]
[SourceDate "2008.09.01"]
[SourceVersion "1"]
[SourceVersionDate "2008.09.01"]
[SourceQuality "1"]

1. e4 c5 2. Nf3 Nc6 3. d4 cxd4 4. Nxd4 e6 5. Nc3 Qc7 6. Be2 a6 7. 0-0 Nf6 8. Kh1 Bb4 9. f3 0-0 10. Bg5 Be7 11. f4 d6 12. Nxc6 bxc6 13. Bf3 Bb7 14. Qe1 e5 15. fxe5 dxe5 16. Bxf6 Bxf6 17. Bg4 Be7 18. Rd1 Rad8 19. Qg3 a5 20. Rf5 g6 21. Rf2 Rxd1+ 22. Nxd1 1/2-1/2

[Event "Wroclaw Fabryczna Cup 3rd"]
[Site "Wroclaw"]
[Date "2007.12.16"]
[Round "4.2"]
[White "Kaczmarek, Maciej"]
[Black "Chrzanowski, Michal"]
[Result "0-1"]
[WhiteElo "2028"]
[BlackElo "1981"]
[PlyCount "86"]
[EventDate "2007.12.14"]
[EventType "swiss"]
[EventRounds "5"]
[EventCountry "POL"]
[SourceTitle "EXT 2023"]
[Source "ChessBase"]
[SourceDate "2022.10.05"]
[SourceVersion "1"]
[SourceVersionDate "2022.10.05"]
[SourceQuality "1"]

1. e4 e5 2. Nf3 Nc6 3. Bb5 a6 4. Ba4 Nf6 5. 0-0 Be7 6. Re1 b5 7. Bb3 d6 8. c3 0-0 9. h3 Bb7 10. d4 Re8 11. Nbd2 Bf8 12. a4 exd4 13. cxd4 h6 14. Bc2 Nb4 15. Bb1 c5 16. d5 Nd7 17. Ra3 c4 18. Nh2 Nc5 19. Rg3 Nbd3 20. Ree3 g6 21. Bxd3 Nxd3 22. Ndf3 Bg7 23. Qc2 Rc8 24. Bd2 Nxb2 25. axb5 axb5 26. e5 Nd3 27. e6 Bxd5 28. exf7+ Bxf7 29. Rxd3 cxd3 30. Qxd3 Rc5 31. Ng4 Rd5 32. Qb1 Kh7 33. h4 Qa8 34. Ne3 Rxd2 35. Nxd2 Qa1 36. Qxa1 Bxa1 37. Rg4 d5 38. Nb3 Bg7 39. Rf4 Kg8 40. Rb4 d4 41. Nxd4 Re4 42. Nec2 Rxh4 43. f3 Bxd4+ 0-1

[Event "Niederschlesien-ch op"]
[Site "Wroclaw"]
[Date "2007.06.28"]
[Round "7"]
[White "Chrzanowski, Michal"]
[Black "Januszewski, Tomasz"]
[Result "1/2-1/2"]
[WhiteElo "1999"]
[BlackElo "2025"]
[PlyCount "131"]
[EventDate "2007.06.25"]
[EventType "swiss"]
[EventRounds "9"]
[EventCountry "POL"]
[SourceTitle "EXT 2011"]
[Source "ChessBase"]
[SourceDate "2010.11.26"]
[SourceVersion "1"]
[SourceVersionDate "2010.11.26"]
[SourceQuality "1"]

1. e4 c5 2. Nf3 Nc6 3. d4 cxd4 4. Nxd4 Nf6 5. Nc3 e5 6. Ndb5 d6 7. Bg5 a6 8. Na3 b5 9. Bxf6 gxf6 10. Nd5 f5 11. Bd3 Be6 12. 0-0 Bg7 13. Qh5 f4 14. c4 b4 15. Nc2 a5 16. b3 Bxd5 17. cxd5 Ne7 18. Bb5+ Kf8 19. a3 Qb6 20. Bc4 bxa3 21. Rxa3 Ng6 22. b4 Bf6 23. Rfa1 Rc8 24. Bd3 axb4 25. Rb3 Kg7 26. Rxb4 Qc5 27. Qe2 Ra8 28. Rab1 Rhg8 29. Rb5 Qc8 30. Rb7 Kf8 31. Qh5 Rg7 32. Qf5 Qxf5 33. exf5 Nh4 34. Rb8+ Rxb8 35. Rxb8+ Ke7 36. Rb7+ Kd8 37. g3 h5 38. Be4 Kc8 39. Ra7 fxg3 40. hxg3 Rg4 41. Rxf7 Bd8 42. Bg2 Nxg2 43. Kxg2 h4 44. Ne3 Ra4 45. g4 Bb6 46. Rg7 Ra2 47. Kf3 e4+ 48. Kxe4 Rxf2 49. Nc4 Bc5 50. g5 h3 51. Rh7 h2 52. g6 Re2+ 53. Kd3 Rg2 54. Ke4 Kd8 55. Kf3 Rf2+ 56. Ke4 Ke8 57. Rh8+ Ke7 58. Rh7+ Kf8 59. Rh8+ Kg7 60. Rh7+ Kg8 61. f6 Rxf6 62. Rxh2 Rxg6 63. Kf5 Kg7 64. Re2 Rf6+ 65. Ke4 Rf1 66. Rg2+ 1/2-1/2

[Event "Niederschlesien-ch op"]
[Site "Wroclaw"]
[Date "2007.06.25"]
[Round "1"]
[White "Dobrowolski, Aleksander"]
[Black "Chrzanowski, Michal"]
[Result "1-0"]
[WhiteElo "2338"]
[BlackElo "1999"]
[PlyCount "65"]
[EventDate "2007.06.25"]
[EventType "swiss"]
[EventRounds "9"]
[EventCountry "POL"]
[SourceTitle "EXT 2011"]
[Source "ChessBase"]
[SourceDate "2010.11.26"]
[SourceVersion "1"]
[SourceVersionDate "2010.11.26"]
[SourceQuality "1"]

1. e4 c5 2. Nf3 d6 3. d4 cxd4 4. Nxd4 Nf6 5. Nc3 a6 6. Be2 e5 7. Nb3 Be7 8. 0-0 0-0 9. Kh1 Nc6 10. f4 exf4 11. Bxf4 Be6 12. Qe1 b5 13. Rd1 Qc7 14. Qg3 Ne5 15. a3 Bc4 16. Bxc4 bxc4 17. Nd4 Nh5 18. Qf2 Nxf4 19. Qxf4 Rfd8 20. Nd5 Qb7 21. Nf5 Bf8 22. Rb1 Rab8 23. Qg5 Kh8 24. h4 Rd7 25. h5 f6 26. Qh4 Rf7 27. Rfe1 Qd7 28. Nf4 Kg8 29. Qg3 Kh8 30. Ng6+ hxg6 31. hxg6 Nxg6 32. Qxg6 Qe8 33. Re3 1-0

[Event "POL Academic Cup 2nd"]
[Site "Wroclaw"]
[Date "2007.04.29"]
[Round "3"]
[White "Zysko, Teresa"]
[Black "Chrzanowski, Michal"]
[Result "0-1"]
[WhiteElo "1704"]
[BlackElo "1999"]
[PlyCount "56"]
[EventDate "2007.04.28"]
[EventType "swiss"]
[EventRounds "9"]
[EventCountry "POL"]
[SourceTitle "EXT 2011"]
[Source "ChessBase"]
[SourceDate "2010.11.26"]
[SourceVersion "1"]
[SourceVersionDate "2010.11.26"]
[SourceQuality "1"]

1. e4 c5 2. Nf3 d6 3. d4 cxd4 4. Nxd4 Nf6 5. Nc3 a6 6. Bc4 e6 7. a3 b5 8. Ba2 Bb7 9. Qd3 Nbd7 10. f3 Rc8 11. 0-0 Ne5 12. Qe2 Nc4 13. Kh1 Be7 14. a4 d5 15. exd5 Nxd5 16. Rd1 Nxc3 17. bxc3 Qa5 18. axb5 axb5 19. Bg5 Qxc3 20. Bxe7 Kxe7 21. Nxb5 Qb4 22. Rdb1 Qc5 23. Bxc4 Qxc4 24. Qe5 Qxc2 25. Nd4 Qc7 26. Qg5+ Kf8 27. Ra7 Ra8 28. Nb5 Qb6 0-1

[Event "Wroclaw-ch 54th"]
[Site "Wroclaw"]
[Date "2006.08.06"]
[Round "9"]
[White "Stepien, Marcin"]
[Black "Chrzanowski, Michal"]
[Result "1-0"]
[WhiteElo "2014"]
[BlackElo "2035"]
[PlyCount "101"]
[EventDate "2006.07.31"]
[EventType "swiss"]
[EventRounds "9"]
[EventCountry "POL"]
[SourceTitle "CBM 113 Extra"]
[Source "ChessBase"]
[SourceDate "2006.09.14"]
[SourceVersion "1"]
[SourceVersionDate "2006.09.14"]
[SourceQuality "1"]

1. e4 e5 2. Nf3 Nc6 3. Bb5 a6 4. Bxc6 dxc6 5. 0-0 Qd6 6. d4 exd4 7. Nxd4 c5 8. Ne2 Bd7 9. Nbc3 Nf6 10. Bf4 Qxd1 11. Raxd1 0-0-0 12. Rd2 Nh5 13. Be3 Bd6 14. f3 Rhe8 15. g4 Nf6 16. Bf4 Bc6 17. Rfd1 Bxf4 18. Rxd8+ Rxd8 19. Rxd8+ Kxd8 20. Nxf4 Nd7 21. Nd3 b6 22. Kf2 Ke7 23. Ke3 Kd6 24. f4 f6 25. Ne2 g5 26. Ng3 Bb7 27. h4 gxh4 28. Nf5+ Ke6 29. Nxh4 Nf8 30. Ne1 Kd6 31. Nef3 Ne6 32. Nf5+ Kd7 33. Nd2 b5 34. Nf1 a5 35. N1g3 Ke8 36. Nh5 Kf7 37. Nh6+ Kg6 38. f5+ Kxh6 39. fxe6 Kg6 40. Nf4+ Kg7 41. Nd5 c6 42. e7 Kf7 43. Nxf6 Kxe7 44. Nxh7 a4 45. Ng5 b4 46. Nf3 Kf6 47. Kf4 c4 48. Ne5 b3 49. cxb3 axb3 50. axb3 cxb3 51. Nd7+ 1-0

[Event "Wroclaw-ch 54th"]
[Site "Wroclaw"]
[Date "2006.08.04"]
[Round "7"]
[White "Janocha, Wieslaw Adam"]
[Black "Chrzanowski, Michal"]
[Result "1-0"]
[WhiteElo "2282"]
[BlackElo "2035"]
[PlyCount "81"]
[EventDate "2006.07.31"]
[EventType "swiss"]
[EventRounds "9"]
[EventCountry "POL"]
[SourceTitle "CBM 113 Extra"]
[Source "ChessBase"]
[SourceDate "2006.09.14"]
[SourceVersion "1"]
[SourceVersionDate "2006.09.14"]
[SourceQuality "1"]

1. Nc3 e5 2. Nf3 Nc6 3. d4 exd4 4. Nxd4 Nf6 5. Bg5 Bc5 6. Nxc6 bxc6 7. e4 d6 8. Bd3 Bb7 9. 0-0 Qd7 10. Bxf6 gxf6 11. Qf3 0-0-0 12. Qxf6 Kb8 13. Na4 Bb6 14. Nxb6 axb6 15. Rae1 Rhg8 16. Re3 Rg6 17. Qf5 Qe7 18. Rg3 Rdg8 19. b3 Bc8 20. Qf4 h5 21. h3 h4 22. Rxg6 fxg6 23. Kh2 g5 24. Qe3 g4 25. hxg4 Rxg4 26. f4 Qg7 27. Qf2 Rg3 28. Re1 Qf6 29. Re3 Rg4 30. Rf3 c5 31. Bc4 Bd7 32. a4 Qe7 33. Qe2 Bc6 34. Bd3 Qf6 35. Qf2 Qe7 36. Kh3 Bd7 37. f5 Qg5 38. Kh2 Bc6 39. f6 Qe5+ 40. Kh1 Rg3 41. f7 1-0

[Event "Wroclaw-ch 54th"]
[Site "Wroclaw"]
[Date "2006.08.02"]
[Round "4"]
[White "Idczak, Rafal"]
[Black "Chrzanowski, Michal"]
[Result "0-1"]
[WhiteElo "1821"]
[BlackElo "2035"]
[PlyCount "48"]
[EventDate "2006.07.31"]
[EventType "swiss"]
[EventRounds "9"]
[EventCountry "POL"]
[SourceTitle "CBM 113 Extra"]
[Source "ChessBase"]
[SourceDate "2006.09.14"]
[SourceVersion "1"]
[SourceVersionDate "2006.09.14"]
[SourceQuality "1"]

1. e4 c5 2. Nf3 e6 3. d4 cxd4 4. Nxd4 Nc6 5. Nc3 Nf6 6. Be2 d6 7. Be3 Be7 8. 0-0 0-0 9. f4 Qc7 10. Qd2 a6 11. a4 Na5 12. Qd3 b6 13. b4 Nc6 14. Qc4 Bb7 15. b5 d5 16. exd5 exd5 17. Nxd5 Nxd5 18. Qxd5 Nxd4 19. Qxd4 Bc5 20. Qc3 Rfe8 21. Bxc5 Rxe2 22. bxa6 Rxg2+ 23. Kh1 Rg3+ 24. axb7 Qxb7+ 0-1

[Event "Wroclaw-ch 54th"]
[Site "Wroclaw"]
[Date "2006.08.01"]
[Round "2"]
[White "Dobrowolski, Aleksander"]
[Black "Chrzanowski, Michal"]
[Result "1-0"]
[WhiteElo "2280"]
[BlackElo "2035"]
[PlyCount "67"]
[EventDate "2006.07.31"]
[EventType "swiss"]
[EventRounds "9"]
[EventCountry "POL"]
[SourceTitle "CBM 113 Extra"]
[Source "ChessBase"]
[SourceDate "2006.09.14"]
[SourceVersion "1"]
[SourceVersionDate "2006.09.14"]
[SourceQuality "1"]

1. e4 c5 2. Nf3 e6 3. d4 cxd4 4. Nxd4 Nc6 5. Nc3 d6 6. Be3 Nf6 7. f3 Be7 8. Qd2 a6 9. 0-0-0 0-0 10. g4 Nxd4 11. Bxd4 b5 12. Kb1 b4 13. Ne2 a5 14. Ng3 Bb7 15. g5 Nd7 16. h4 d5 17. e5 b3 18. cxb3 Bb4 19. Qf2 a4 20. a3 Ba5 21. b4 Bc7 22. f4 Nb8 23. Bb5 Nc6 24. Bxc6 Bxc6 25. f5 Rb8 26. f6 g6 27. h5 Bb6 28. hxg6 fxg6 29. Bxb6 Rxb6 30. Nf5 gxf5 31. g6 hxg6 32. Qg1 Be8 33. Qh2 Rxf6 34. Qh8+ 1-0

[Event "Wroclaw-ch"]
[Site "Wroclaw"]
[Date "2004.??.??"]
[Round "4"]
[White "Chrzanowski, Michal"]
[Black "Gromczak, Dariusz"]
[Result "1/2-1/2"]
[WhiteElo "1800"]
[BlackElo "2110"]
[PlyCount "100"]
[EventDate "2004.??.??"]
[EventType "swiss"]
[EventRounds "9"]
[EventCountry "POL"]
[SourceTitle "EXT 2007"]
[Source "ChessBase"]
[SourceDate "2006.11.23"]
[SourceVersion "1"]
[SourceVersionDate "2006.11.23"]
[SourceQuality "1"]

1. e4 c5 2. Nf3 Nc6 3. d4 cxd4 4. Nxd4 Nf6 5. Nc3 e6 6. Bc4 Bb4 7. Nxc6 bxc6 8. Bd3 d5 9. exd5 cxd5 10. Bd2 0-0 11. 0-0 Rb8 12. Rb1 e5 13. Bg5 Bxc3 14. bxc3 e4 15. Rxb8 exd3 16. Qxd3 Qd6 17. Qg3 Qxg3 18. hxg3 Ne4 19. Be7 Re8 20. Bb4 Nf6 21. Rd1 h6 22. Ra8 a6 23. c4 dxc4 24. Rd4 Kh7 25. Rxc4 Be6 26. Rxe8 Bxc4 27. Ra8 Bxa2 28. Rxa6 Be6 29. Rc6 Nd7 30. Bd6 Bd5 31. Rc7 Nb6 32. Rc5 Be6 33. Rc6 Nc4 34. f3 Kg6 35. Kf2 Kf6 36. Bb4 g6 37. Ke2 h5 38. Bc3+ Kg5 39. Kd3 Na3 40. Bd2+ Kf6 41. c4 Kg7 42. Rxe6 fxe6 43. Bc1 Nxc4 44. Kxc4 Kf6 45. Kd4 Kf5 46. Bd2 g5 47. Bc1 e5+ 48. Kd5 g4 49. f4 exf4 50. Bxf4 h4 1/2-1/2

[Event "Wroclaw-ch"]
[Site "Wroclaw"]
[Date "2003.??.??"]
[Round "4"]
[White "Chrzanowski, Michal"]
[Black "Babijczuk, Pawel"]
[Result "0-1"]
[WhiteElo "1800"]
[BlackElo "2000"]
[PlyCount "90"]
[EventDate "2003.??.??"]
[EventType "swiss"]
[EventRounds "9"]
[EventCountry "POL"]
[SourceTitle "EXT 2007"]
[Source "ChessBase"]
[SourceDate "2006.11.23"]
[SourceVersion "1"]
[SourceVersionDate "2006.11.23"]
[SourceQuality "1"]

1. e4 c5 2. Nf3 Nc6 3. d4 cxd4 4. Nxd4 g6 5. c4 Bg7 6. Be3 Nf6 7. Nc3 0-0 8. Be2 d6 9. f3 Nxd4 10. Bxd4 Be6 11. Qd2 Qa5 12. 0-0 Rfc8 13. b3 a6 14. Rfd1 Nd7 15. Bxg7 Kxg7 16. a3 Qc5+ 17. Kh1 b5 18. b4 Qc6 19. Nd5 Bxd5 20. cxd5 Qc3 21. Qxc3+ Rxc3 22. Rdc1 Rac8 23. Rxc3 Rxc3 24. Kg1 Nb6 25. Kf2 Kf6 26. Bd1 Ke5 27. a4 bxa4 28. Bxa4 Rc4 29. Be8 Rxb4 30. Rxa6 Rb2+ 31. Kg3 f5 32. Ra7 f4+ 33. Kh3 Kf6 34. Rb7 h5 35. Rb8 Rb4 36. Bc6 Nxd5 37. Rf8+ Kg7 38. Re8 Ne3 39. Rxe7+ Kf6 40. Rd7 Rd4 41. Bd5 Rd2 42. Rxd6+ Kg5 43. g3 Nf1 44. gxf4+ Kxf4 45. Rf6+ Kg5 0-1